000 00739nam a22002297a 4500
005 20170124110033.0
010 _aA-991940
020 _c00.00
_a8176291730
035 _aA-991940
037 _bCen Lib/Ret
040 _aDPL
_bEN
082 _a378
_bMOH
100 _aMohanty, Jagannath
_922055
245 _aCurrent trends in higher education /
_cby Jagannath Mohanty
260 _aNew Delhi
_bDeep & Deep Publications
_c2000
270 _aF-159, rajouri garden
_bNew Delhi
_e110027
300 _ax, 536p.
_c21cm(Hb)
500 _aIncludes bibliographical references and index
650 _aHigher Education
_910182
650 _aPhilosophical and sociological trends
_922056
942 _2ddc
_cEN
_h378
_mMOH
999 _c127970
_d127970